| 000 | 00489nam a2200169Ia 4500 | ||
|---|---|---|---|
| 999 |
_c7467 _d7467 |
||
| 003 | OSt | ||
| 005 | 20200120133334.0 | ||
| 008 | 190216s9999||||xx |||||||||||||| ||und|| | ||
| 020 | _a9781403909954 | ||
| 040 | _coclc | ||
| 082 |
_a658.5 _bAGR/T |
||
| 100 |
_aAgrawal, D K _91314 |
||
| 245 | 0 |
_aTextbook Of Logistics And Supply Chain Management / _cD K Agrawal |
|
| 260 |
_bMacmillan, _c2003. _aDelhi: |
||
| 300 | _a356p | ||
| 942 |
_cBK _2ddc _h658.5 _iAGR/T _k658.5 _mAGR/T |
||